| 000 | 00592nam a2200181Ia 4500 | ||
|---|---|---|---|
| 008 | 100921s9999 xx 000 0 und d | ||
| 082 |
_b38200 _a891.463 न 03 |
||
| 100 | _aखानोलकर चि.त्र्यं. | ||
| 245 | _aअजगर. | ||
| 260 |
_bमौज प्रकाशन,मुंबई. _c2003 |
||
| 300 |
_a90 _bअक्षरधारा प्रदर्शन. |
||
| 365 | _b70 | ||
| 520 | _aललित-कादंबरी. | ||
| 630 | _aअजगर. | ||
| 650 | _aललित-कादंबरी. | ||
| 730 | _aअजगर. | ||
| 942 | _cBOOK | ||
| 999 |
_c787313 _d787310 |
||